000 00538cam a2200193 4500500
005 20260405002047.0
041 _afre
042 _adc
100 1 0 _aPortevin, Catherine
_eauthor
245 0 0 _a7
260 _c2015.
500 _a25
690 _aObjet
690 _aOntologie
690 _aRéalisme
690 _aTristan Garcia
786 0 _nPhilosophie magazine | 92 | 9 | 2015-09-01 | p. 64-64 | 1951-1787
856 4 1 _uhttps://shs.cairn.info/magazine-philosophie-magazine-2015-9-page-64?lang=fr&redirect-ssocas=7080
999 _c2053809
_d2053809